The dynamics of ice melting in the conditions of crybot movement; MATEC Web of Conferences; Vol. 110 : Heat and Mass Transfer in the Thermal Control System of Technical and Technological Energy Equipment (HMTTSC 2017)

Λεπτομέρειες βιβλιογραφικής εγγραφής
Parent link:MATEC Web of Conferences
Vol. 110 : Heat and Mass Transfer in the Thermal Control System of Technical and Technological Energy Equipment (HMTTSC 2017).— 2017.— [01090, 5 p.]
Κύριος συγγραφέας: Zakharova E. Ekaterina
Συλλογικό Έργο: Национальный исследовательский Томский политехнический университет (ТПУ) Энергетический институт (ЭНИН) Кафедра теоретической и промышленной теплотехники (ТПТ), Национальный исследовательский Томский политехнический университет (ТПУ) Институт природных ресурсов (ИПР) Кафедра иностранных языков (ИЯПР)
Άλλοι συγγραφείς: Zakharevich A. V. Arkadiy Vladimirovich, Gutareva N. Yu. Nadezhda Yurievna
Περίληψη:Title screen
The mathematical modeling results of the simultaneous processes of heat and mass transfer under the conditions of intense phase changes (melting of ice) during the movement of cryobot have been given. The spatial unevenness of the melting rate of ice has been taken into account. It has been established that the rate of passage of the cryobot depends essentially on its temperature. According to the results of the numerical simulation, considerable cooling of the cryobot sheath has been established. The latter is due to the high endothermic effect of melting ice.
Γλώσσα:Αγγλικά
Έκδοση: 2017
Θέματα:
Διαθέσιμο Online:https://doi.org/10.1051/matecconf/201711001090
http://earchive.tpu.ru/handle/11683/42649
Μορφή: MixedMaterials Ηλεκτρονική πηγή Κεφάλαιο βιβλίου
KOHA link:https://koha.lib.tpu.ru/cgi-bin/koha/opac-detail.pl?biblionumber=655414

MARC

LEADER 00000nla2a2200000 4500
001 655414
005 20240214133737.0
035 |a (RuTPU)RU\TPU\network\21537 
035 |a RU\TPU\network\21533 
090 |a 655414 
100 |a 20170904a2017 k y0engy50 ba 
101 0 |a eng 
105 |a y z 100zy 
135 |a drcn ---uucaa 
181 0 |a i  
182 0 |a b 
200 1 |a The dynamics of ice melting in the conditions of crybot movement  |f E. Zakharova, A. V. Zakharevich, N. Yu. Gutareva 
203 |a Text  |c electronic 
300 |a Title screen 
320 |a [References: 12 tit.] 
330 |a The mathematical modeling results of the simultaneous processes of heat and mass transfer under the conditions of intense phase changes (melting of ice) during the movement of cryobot have been given. The spatial unevenness of the melting rate of ice has been taken into account. It has been established that the rate of passage of the cryobot depends essentially on its temperature. According to the results of the numerical simulation, considerable cooling of the cryobot sheath has been established. The latter is due to the high endothermic effect of melting ice. 
461 0 |0 (RuTPU)RU\TPU\network\4526  |t MATEC Web of Conferences 
463 0 |0 (RuTPU)RU\TPU\network\21033  |t Vol. 110 : Heat and Mass Transfer in the Thermal Control System of Technical and Technological Energy Equipment (HMTTSC 2017)  |o International Youth Scientific Conference, April 26-28, 2017, Tomsk, Russia  |o [proceedings]  |f National Research Tomsk Polytechnic University (TPU) ; eds. G. V. Kuznetsov ; A. O. Zhdanova  |v [01090, 5 p.]  |d 2017 
610 1 |a электронный ресурс 
610 1 |a труды учёных ТПУ 
610 1 |a таяние 
610 1 |a льды 
610 1 |a движения 
610 1 |a кристаллы 
610 1 |a математическое моделирование 
610 1 |a тепломассоперенос 
700 1 |a Zakharova  |b E.  |g Ekaterina 
701 1 |a Zakharevich  |b A. V.  |c specialist in the field of power engineering  |c Associate Professor of Tomsk Polytechnic University, Candidate of physical and mathematical sciences  |f 1980-  |g Arkadiy Vladimirovich  |3 (RuTPU)RU\TPU\pers\34155  |9 17695 
701 1 |a Gutareva  |b N. Yu.  |c linguist  |c Associate Professor of Tomsk Polytechnic University, Candidate of pedagogical sciences  |f 1979-  |g Nadezhda Yurievna  |3 (RuTPU)RU\TPU\pers\31044  |9 15274 
712 0 2 |a Национальный исследовательский Томский политехнический университет (ТПУ)  |b Энергетический институт (ЭНИН)  |b Кафедра теоретической и промышленной теплотехники (ТПТ)  |3 (RuTPU)RU\TPU\col\18679 
712 0 2 |a Национальный исследовательский Томский политехнический университет (ТПУ)  |b Институт природных ресурсов (ИПР)  |b Кафедра иностранных языков (ИЯПР)  |3 (RuTPU)RU\TPU\col\18662 
801 2 |a RU  |b 63413507  |c 20180426  |g RCR 
856 4 |u https://doi.org/10.1051/matecconf/201711001090 
856 4 |u http://earchive.tpu.ru/handle/11683/42649 
942 |c CF